000
00329nam a2200133Ia 4500
008
150201s2009 xx 000 0 und d
082
_a
616.07
_b
H10T
100
_a
WU,ALAN HB
245
_a
TIETZ CLINICALGUIDE TO LABORATORY TESTS
250
_a
4TH
260
_b
ELSEVIER
_a
DELHI
_c
2009
650
_a
MICROBIOLOGY
942
_2
ddc
_c
BK
999
_c
1137
_d
1137